| 000 | 00381cam a2200157ua 4500 | ||
|---|---|---|---|
| 008 | 250106b |||||||| |||| 00| 0 eng d | ||
| 041 | _aeng | ||
| 082 | _a624.1517 | ||
| 100 |
_aNagaraj, MS _96809 |
||
| 245 | _aText book of surveying / | ||
| 250 | _a2 / | ||
| 260 |
_aNew Delhi : _bS.Chand and Co , _c1968. |
||
| 300 | _a623 ; . | ||
| 700 | 1 |
_aHusain, S K. _96807 |
|
| 942 | _cBK | ||
| 999 |
_c2460 _d2460 |
||